000 02906nam2a2200409 4500
001 rc\2646944
005 20250529190758.0
035 _a(NLR Aleph) 006954618
090 _a5281009
_c5281009
100 _a20110609d1929 |||y0rusy50 ca
101 0 _arus
_dger
102 _aRU
105 _aab||z|||000zy
200 1 _aИспользование
_dExploitation
_hвып. 3
_iРыбы и рыбный промысел Сегозера
_dLes poissons et les pêches du lac Segozero
_iРыбы и рыбный промысел озер Онего-Беломорского водораздела
_dLes poissons et les pêches des lacs de la région entre la mer Blanche et le lac Onéga
_fЛ. О. Паллон
_zfre
210 _d1929
_aБ. м.
215 _a104 с.
_cкарта, табл.
300 _aАвт. также на фр. яз.: L. Pallon, P. Domratchev
300 _aРез. на нем. яз.
320 _aБиблиогр. в подстроч. примеч.
423 0 _12001#$aОзера Заонежья. Рыбохозяйственный очерк$dLes lacs de la région Transonégienne. Un aperçu sur les pêches$fП. Ф. Домрачев$zfre
_1210##$aЛенинград$d1929
_1215##$aС. 37-86
_1701#1$aДомрачев$bП. Ф.$f1889-1941$gПавел Федорович$3RU\NLR\AUTH\770249388
_tОзера Заонежья. Рыбохозяйственный очерк
461 0 _1001RU\NLR\BIBL_A\012925293
_12001#$aТруды Олонецкой научной экспедиции$dTravaux de l'expédition scientifique d'Olonetz$fГосударственный гидрологический институт$zfre$vЧ. 8
_912657150
_aОлонецкая научная экспедиция
_cЛенинград
_d1926
_fГосударственный гидрологический институт
_lTravaux de l'expédition scientifique d'Olonetz
_nиздание Государственного гидрологического института
_tТруды Олонецкой научной экспедиции
_vЧ. 8
510 1 _aExploitation
_zfre
510 1 _6z11790
_aLes poissons et les pêches du lac Segozero
_zfre
510 1 _6z12790
_aLes poissons et les pêches des lacs de la région entre la mer Blanche et le lac Onéga
_zfre
510 1 _6z13790
_aLes lacs de la région Transonégienne. Un aperçu sur les pêches
_zfre
701 1 _aПаллон
_bЛ. О.
_f1888-1942
_gЛев Осипович
790 1 _6z11510
_aPallon
_bL. O.
_f1888-1942
_gLev Osipovič
790 1 _6z12510
_aPallon
_bL. O.
_f1888-1942
_gLev Osipovič
790 1 _7ba
_8rus
_aDomračev
_bP. F.
_f1889-1941
_gPavel Fedorovič
_9249336
_3RU\NLR\AUTH\770249392
801 0 _aRU
_bNLR
_gpsbo
801 1 _aRU
_bELAR
_2rusmarc
852 _aNLR
_j17.142.4.55(8-3)
852 _aNLR
_j94/548(8-3)
942 _cBOOK
980 _aNB